Mark for everyone (Record no. 22867)
[ view plain ]
| 000 -LEADER | |
|---|---|
| fixed length control field | 00641cam a2200181 a 4500 |
| 020 ## - INTERNATIONAL STANDARD BOOK NUMBER | |
| ISBN | 066422783X (U.S. ed.) |
| 020 ## - INTERNATIONAL STANDARD BOOK NUMBER | |
| ISBN | 0281052999 (U.K. ed.) |
| 082 00 - DEWEY DECIMAL CLASSIFICATION NUMBER | |
| Classification number | 226.3 |
| Author Cutter | WRI |
| 100 1# - MAIN ENTRY--AUTHOR NAME | |
| Author name | Wright, N. T. |
| 245 10 - TITLE STATEMENT | |
| Title | Mark for everyone |
| 250 ## - EDITION STATEMENT | |
| Edition statement | 2nd ed. |
| 260 ## - PUBLICATION, DISTRIBUTION, ETC. (IMPRINT) | |
| Place of publication | London : |
| Name of publisher | SPCK ; |
| Place of publication | Louisville, KY : |
| Name of publisher | Westminster John Knox Press, |
| Year of publication | c2004. |
| 300 ## - PHYSICAL DESCRIPTION | |
| Number of Pages | xi, 243 p. : |
| Other physical details | map ; |
| 500 ## - GENERAL NOTE | |
| General note | "This second edition copublished in 2004 by the Society for Promoting Christian Knowledge, London, and Westminster John Knox Press, Louisville, KY."--T.p. verso. |
| 650 ## - SUBJECT ADDED ENTRY--TOPICAL TERM | |
| Topical Term | Bible.--Mark |
| -- | Bible.--New Testament |
| 942 ## - ADDED ENTRY ELEMENTS (KOHA) | |
| Koha item type | Books |
| Home library | Current library | Shelving location | Date acquired | Source of acquisition | Full call number | Accession Number | Koha item type |
|---|---|---|---|---|---|---|---|
| Henry Martyn Institute Library | Henry Martyn Institute Library | General stacks | 03/20/2020 | ISPCK | 226.3 WRI | 11004173 | Books |
| Henry Martyn Institute Library | Henry Martyn Institute Library | General stacks | 03/20/2020 | ISPCK | 226.3 WRI | 11004174 | Books |
| Henry Martyn Institute Library | Henry Martyn Institute Library | General stacks | 03/20/2020 | ISPCK | 226.3 WRI | 11004172 | Books |
| Henry Martyn Institute Library | Henry Martyn Institute Library | General stacks | 03/20/2020 | ISPCK | 226.3 WRI | 11004171 | Books |
